Sınıf arkadaşım Atatürk : (Record no. 14148)

MARC details
000 -BAŞLIK
Sabit Uzunlukta Kontrol Alanı 00768nam a22002177a 4500
999 ## - SİSTEM KONTROL NUMARALARI (KOHA)
Koha Biblionumber 14148
Koha Biblioitemnumber 14148
003 - KONTROL NUMARASI IDENTIFIER
Denetim Alanı MIRAKIL
005 - SON İŞLEM TARİHİ VE ZAMANI
Denetim Alanı 20201105115141.0
008 - SABİT-BOY VERİ ELEMANLARI - GENEL BİLGİLER
Sabit Uzunlukta Kontrol Alanı 201105b tu ||||| |||| 00| 0 tur d
040 ## - KATALOGLAMA KAYNAK
Orijinal Kataloglama Ajansı TR-AnCHP
Kataloglama Dili tur
Metne Dönüştürmek Ajansı TR-AnCHP
082 ## - DEWEY ONLU SINIFLANDIRMA NUMARASI
Sınıflandırma Numarası ATA 923.1561
Ürün Numarası C31s 1981
100 1# - ANA GİRİŞ - KİŞİSEL İSİM
Kişisel Ad Cebesoy, Ali Fuad
245 ## - BAŞLIK TABLOSU
Başlık Sınıf arkadaşım Atatürk :
Başlığın Kalan Okul ve genç subaylık hatıraları/
Sorumluluk Tablosu, Vb Ali Fuat Cebesoy.
246 ## - UNVAN FORM VARYING
Başlık Doğru / Kısa Başlığı Okul ve genç subaylık hatıraları
260 ## - YAYIN, DAĞITIM, VB
Yayın, Dağıtım, Vb Yeri İstanbul:
Yayıncı, Dağıtıcı, Vs Adı İnkılap ve Aka Kitabevleri
Yayın, Dağıtım, Vb Tarihi 1981.
Üretici Firma Anka Ofset Basımevi.
300 ## - FİZİKSEL TANIM
Kapsam 174 s.;
Boyutlar 19 sm.
504 ## - KAYNAKÇA VB NOT
Kaynakça Vb Notu Dizin vardır.
600 ## - KONU KATMA GİRİŞ - KURUMSAL ADI
Kişisel Ad Atatürk, Mustafa Kemal
Bir Adıyla İlişkilendirilen Tarihler 1881-1938
600 14 - KONU KATMA GİRİŞ - KURUMSAL ADI
Kişisel Ad Cebesoy, Ali Fuad
Bir Adıyla İlişkilendirilen Tarihler 1882-1968
9 (RLIN) 4978
Genel Alt Bölümü Anılar
740 ## - KATMA GİRİŞ - KONTROLSUZ İLGİLİ / ANALİTİK BAŞLIK
Kontrol Edilmeyen / İlgili Analitik Başlıktaki Okul ve genç subaylık hatıraları
942 ## - EKLENDİ GİRİŞ ELEMANLARI (KOHA)
Sınıflandırma Veya Raf Düzeni Kaynak Dewey Decimal Classification
Koha Öğesi Türü Books
Holdings
Kalıcı Konum Mevcut Konum Edinme Tarihi Toplam Check-Out'Lar Tam Çağrı Numarası Barkod Tarih Son Görülme İtibaren Geçerli Fiyatlar Sigara Kamu Notu Koha Öğesi Türü
CHP Kütüphanesi CHP Kütüphanesi 11/05/2020   ATA 923.1561 C31s 1981 019674 11/05/2020 11/05/2020 Emine Başak Alkan Bağışıdır. Books
Parti Okulu Kütüphanesi Parti Okulu Kütüphanesi 08/11/2021   923.1561 C31s 1981 P00831 08/11/2021 08/11/2021 Emin Değer Bağışıdır. Books